Os direitos do cidadão face à Administração Pública (Registo nº 4245)

Detalhes MARC
000 -Etiqueta do registo
Cabeçalho 00725cam a2200253 4500
005 - Identificador da versão
Campo de controlo 20240813122056.0
095 ## -
-- PTBN00852052
010 ## - Número internacional normalizado dos livros (ISBN)
Número (ISBN) 9729400741
021 ## - Número do Depósito Legal
Código do país PT
Número 102977/96
100 ## - Dados gerais de processamento
Dados gerais de processamento 19970203d1996 m a0pory5003 ba
102 ## - Pais de publicação ou produção
País de publicação Portugal
101 0# - Língua de publicação
Língua do texto, banda sonora, etc. Português
106 ## - Campo de dados codificados: material textual
Dados codificados do material textual r
105 ## - Campo de dados codificados: livros
Dados codificados dos livros y n 001yy
215 ## - Descrição física 
Indicação específica da natureza do documento e extensão da espécie 46, [1] p.
Dimensões 24 cm
200 1# - Titulo e menção de responsabilidade
Título próprio Os direitos do cidadão face à Administração Pública
Informação de outro título mais cidadania
Primeira menção de responsabilidade Secretariado para a Modernização Administrativa
210 ## - Publicação, Distribuição, etc. 
Lugar da edição, distribuição, etc. Lisboa
Nome do editor, distribuidor, etc. S.M.A.
Data da publicação, distribuição, etc. 1996
675 ## - Classificação Decimal Universal (CDU)
Notação 342.9
Edição BN
Língua da edição por
710 01 - Nome de colectividade-autor (responsabilidade principal)
Número de registo de entrada de autoridade 0000930
Palavra de ordem Portugal
Subdivisão Secretariado para a Modernização Administrativa
942 ## - Elementos de entrada adicionados (Koha)
Tipo de item no Koha Livro
Exemplares
Situação do levantamento Origin of item (home branch) (coded) Biblioteca de empréstimo Código de barras Cota Circulation type (not for loan) Tipo de documento Nota do exemplar Damaged status
  Biblioteca Escolar das Vendas Biblioteca Escolar das Vendas BEV1161 3 DIR   Livro Sem mensagem